000 00394 a2200145 4500
020 _a1859580939
082 _a823.8
090 _c1171
_d1171
100 _aHardy, Thomas
245 _aSelected Short Stories
_cThomas Hardy
260 _aLondon:
_bTiger Books International,
_c1995.
300 _avi, 486 p. ;
_c24 cm.
650 _aHardy, Thomas 1840-1928--Short stories.
942 _cBK
_k823.8 HAR
999 _c5132
_d5132